Man in the universe : some continuities in Indian thought = El hombre en el universo; algunas continuidades en el pensamiento indio /
Salvato in:
| Autore principale: | |
|---|---|
| Natura: | Sconosciuto |
| Lingua: | English |
| Pubblicazione: |
Berkeley :
University of California Press,
1966.
|
| Soggetti: | |
| Tags: |
Aggiungi Tag
Nessun Tag, puoi essere il primo ad aggiungerne!!
|
MARC
| LEADER | 000000000a22000000004500 | ||
|---|---|---|---|
| 001 | 014114 | ||
| 041 | 0 | |a eng | |
| 082 | 0 | 4 | |a 910.031.764 |b B879m |
| 100 | 1 | |a Brown, W. Norman |c (William Norman), |d 1892-1975. | |
| 245 | 1 | 0 | |a Man in the universe : |b some continuities in Indian thought = El hombre en el universo; algunas continuidades en el pensamiento indio / |c W. Norman Brown. |
| 246 | 3 | 1 | |a El hombre en el universo; algunas continuidades en el pensamiento indio |
| 260 | 1 | |a Berkeley : |b University of California Press, |c 1966. | |
| 300 | |a 111 páginas ; |c 23 cm. | ||
| 650 | 4 | |a CIVILIZACION HINDU | |
| 500 | |a Colección George Yúdice | ||
| 999 | |c 20013 |d 20013 | ||
| 942 | |c BK |h 910.031.764 B879m |2 z | ||
